[Event "CAN-ch U16"]
[Site "Saskatoon CAN"]
[Date "1998.03.25"]
[Round "5"]
[White "Golts, Roman"]
[Black "Remoroza, Alvin"]
[Result "1-0"]
[WhiteElo "2200"]
[BlackElo "1960"]
[PlyCount "43"]
[GameId "2160767911873713"]
[EventDate "1998.03.23"]
[EventType "tourn"]
[EventRounds "9"]
[EventCountry "CAN"]

1. e4 c5 2. Nf3 d6 3. d4 cxd4 4. Nxd4 Nf6 5. Nc3 a6 6. f4 Nc6 7. Nf3 e6 8. Bd3 Be7 9. a3 Qc7 10. O-O O-O 11. Qe1 Kh8 12. b4 b5 13. Bb2 Bd7 14. Kh1 e5 15. Nd5 Qd8 16. fxe5 dxe5 17. Nxe5 Nxe5 18. Bxe5 Nxd5 19. exd5 Re8 20. Qe4 f5 21. Rxf5 Kg8 22. Rg5 1-0

[Event "CAN-ch U16"]
[Site "Saskatoon CAN"]
[Date "1998.03.25"]
[Round "5"]
[White "Henson, Joshua"]
[Black "Reddy, Tyler"]
[Result "1-0"]
[WhiteElo "2035"]
[BlackElo "1935"]
[PlyCount "89"]
[GameId "2160767911873714"]
[EventDate "1998.03.23"]
[EventType "tourn"]
[EventRounds "9"]
[EventCountry "CAN"]

1. e4 e6 2. d4 d5 3. Nd2 Nf6 4. e5 Nfd7 5. Bd3 c5 6. c3 Nc6 7. Ne2 Qb6 8. Nf3 cxd4 9. cxd4 f6 10. exf6 Nxf6 11. O-O Bd6 12. Nc3 O-O 13. Be3 Bd7 14. a3 Rac8 15. Rc1 Na5 16. b4 Nc4 17. Bxc4 Rxc4 18. Ne5 Rc7 19. Qd3 Rfc8 20. Nxd7 Rxd7 21. Nxd5 Qd8 22. Nxf6+ gxf6 23. Rxc8 Qxc8 24. Rc1 Qe8 25. Qe4 f5 26. Qf3 Qb8 27. h3 Rc7 28. d5 Rxc1+ 29. Bxc1 Qc7 30. Qd1 e5 31. Bb2 Qc4 32. Qf3 Qe4 33. Qxe4 fxe4 34. Kf1 Kf7 35. Ke2 Kf6 36. Ke3 Kf5 37. g4+ Kg5 38. Kxe4 Kh4 39. Bxe5 Be7 40. d6 Bd8 41. f4 Kxh3 42. g5 a5 43. Bf6 Bb6 44. d7 axb4 45. axb4 1-0

[Event "CAN-ch U16"]
[Site "Saskatoon CAN"]
[Date "1998.03.25"]
[Round "6"]
[White "Gottlieb, Jonathan"]
[Black "Henson, Joshua"]
[Result "1/2-1/2"]
[WhiteElo "2050"]
[BlackElo "2035"]
[PlyCount "70"]
[GameId "2160767911873716"]
[EventDate "1998.03.23"]
[EventType "tourn"]
[EventRounds "9"]
[EventCountry "CAN"]

1. e4 e6 2. d4 d5 3. e5 c5 4. c3 Nc6 5. Nf3 Bd7 6. a3 Rc8 7. Be2 Nge7 8. b4 cxd4 9. cxd4 Nf5 10. Bb2 Nh4 11. O-O Nxf3+ 12. Bxf3 Qb6 13. Be2 Be7 14. Kh1 O-O 15. f4 f6 16. Bd3 Kh8 17. Bc2 Na5 18. Rf3 Nc4 19. Rh3 f5 20. Bc3 Be8 21. g4 Bg6 22. g5 Rc7 23. Bd3 Rfc8 24. Be2 Qc6 25. Bh5 Kg8 26. Bxg6 hxg6 27. Qe1 Qe8 28. Ra2 b5 29. Rg2 Kf7 30. Rgg3 Qd7 31. Rh7 Rg8 32. Rgh3 Qe8 33. Qg3 Kf8 34. R3h4 Qf7 35. Qh3 Ke8 1/2-1/2

[Event "CAN-ch U16"]
[Site "Saskatoon CAN"]
[Date "1998.03.25"]
[Round "6"]
[White "Nathani, Kaleim"]
[Black "Remoroza, Alvin"]
[Result "1/2-1/2"]
[WhiteElo "1785"]
[BlackElo "1960"]
[PlyCount "70"]
[GameId "2160767911873718"]
[EventDate "1998.03.23"]
[EventType "tourn"]
[EventRounds "9"]
[EventCountry "CAN"]

1. d4 Nf6 2. c4 e6 3. Nf3 d5 4. Nc3 Nbd7 5. Bg5 h6 6. Bh4 Bd6 7. cxd5 g5 8. dxe6 fxe6 9. Bg3 Bb4 10. Qc2 Rg8 11. e3 c6 12. Bd3 Nf8 13. O-O Bd6 14. e4 Bxg3 15. fxg3 g4 16. Nh4 Qxd4+ 17. Kh1 Bd7 18. a4 O-O-O 19. a5 Be8 20. Rfd1 Qc5 21. Qb3 Qe3 22. a6 b6 23. Qc2 Kb8 24. Bf1 Bd7 25. Qd2 Qxd2 26. Rxd2 N8h7 27. Rad1 Kc7 28. Bd3 Ng5 29. e5 Nd5 30. Nxd5+ exd5 31. Nf5 h5 32. Rc1 Ne6 33. Ne7 Rg5 34. Nxd5+ Kb8 35. Nf4 Rxe5 1/2-1/2

[Event "CAN-ch U16"]
[Site "Saskatoon CAN"]
[Date "1998.03.25"]
[Round "6"]
[White "Reddy, Tyler"]
[Black "Golts, Roman"]
[Result "0-1"]
[WhiteElo "1930"]
[BlackElo "2200"]
[PlyCount "98"]
[GameId "2160767911873719"]
[EventDate "1998.03.23"]
[EventType "tourn"]
[EventRounds "9"]
[EventCountry "CAN"]

1. c4 Nf6 2. g3 g6 3. Bg2 Bg7 4. Nf3 O-O 5. O-O d6 6. Nc3 e5 7. d3 Nc6 8. Bg5 h6 9. Bd2 Kh7 10. Rb1 Be6 11. b4 e4 12. Ne1 exd3 13. exd3 d5 14. c5 d4 15. Ne2 Bxa2 16. Ra1 Bd5 17. Nf3 a6 18. b5 axb5 19. Rxa8 Qxa8 20. Nfxd4 Bxg2 21. Kxg2 Nxd4 22. Nxd4 Qa4 23. Nb3 Nd5 24. Qb1 Re8 25. Re1 Rxe1 26. Bxe1 b4 27. d4 Nc3 28. Qb2 Nb5 29. Qc2 Na3 30. Qb2 Nc4 31. Qb1 b6 32. Qd3 Na5 33. cxb6 cxb6 34. Nc1 Qa3 35. Qxa3 bxa3 36. Bxa5 bxa5 37. d5 Bd4 38. Kf3 Kg7 39. Ke2 g5 40. f3 Kf6 41. Kd3 Ke5 42. Kc4 Bg1 43. h3 Bh2 44. g4 Kf4 45. d6 Kxf3 46. Kd5 Bxd6 47. Kxd6 Kg3 48. Ke5 Kxh3 49. Kf5 Kh4 0-1

[Event "CAN-ch U16"]
[Site "Saskatoon CAN"]
[Date "1998.03.26"]
[Round "7"]
[White "Golts, Roman"]
[Black "Gottlieb, Jonathan"]
[Result "1-0"]
[WhiteElo "2200"]
[BlackElo "2050"]
[PlyCount "64"]
[GameId "2160767911873722"]
[EventDate "1998.03.23"]
[EventType "tourn"]
[EventRounds "9"]
[EventCountry "CAN"]

1. e4 c5 2. Nf3 d6 3. d4 cxd4 4. Nxd4 Nf6 5. Nc3 a6 6. f4 Qc7 7. Bd3 b5 8. a3 e6 9. Nf3 Bb7 10. O-O Nbd7 11. Qe1 Be7 12. Qg3 h5 13. h3 Qc5+ 14. Kh1 Nf8 15. e5 h4 16. Qxg7 Nh5 17. Qxh8 Ng3+ 18. Kh2 Nxf1+ 19. Bxf1 Qf2 20. exd6 Bxd6 21. Qxh4 Qxf1 22. Qe1 Qc4 23. Ne5 Bxe5 24. Qxe5 Ng6 25. Qe2 Qc6 26. f5 Nh4 27. fxe6 Qd6+ 28. Kg1 O-O-O 29. Bg5 Rg8 30. e7 Qc5+ 31. Qe3 Qc6 32. Nd5 Nf5 1-0

[Event "CAN-ch U16"]
[Site "Saskatoon CAN"]
[Date "1998.03.26"]
[Round "7"]
[White "Henson, Joshua"]
[Black "Hua, Lefong"]
[Result "1/2-1/2"]
[WhiteElo "2035"]
[BlackElo "2325"]
[PlyCount "100"]
[GameId "2160767911873723"]
[EventDate "1998.03.23"]
[EventType "tourn"]
[EventRounds "9"]
[EventCountry "CAN"]

1. e4 c5 2. Nf3 e6 3. d4 cxd4 4. Nxd4 a6 5. Bd3 Nf6 6. O-O Qc7 7. Qe2 d6 8. c4 g6 9. Nc3 Bg7 10. Be3 O-O 11. Rac1 Nbd7 12. Rfd1 Ne5 13. f3 Nfd7 14. b3 b6 15. Bb1 Bb7 16. Kh1 Rfe8 17. Qf2 Rab8 18. Qd2 Rbd8 19. Nde2 Nc5 20. Nf4 Qe7 21. Qf2 Rb8 22. Nd3 Nc6 23. Nf4 Kh8 24. Nfe2 Rg8 25. Rd2 Rgd8 26. Rcd1 Ba8 27. Qg3 Ne5 28. Bd4 b5 29. f4 Nc6 30. Bxg7+ Kxg7 31. cxb5 axb5 32. f5 Ne5 33. Rxd6 Ncd7 34. fxe6 fxe6 35. Nf4 Rdc8 36. Nxe6+ Kg8 37. Nf4 b4 38. Nce2 Rc5 39. R6d2 Nf6 40. Nd5 Bxd5 41. exd5 Qd6 42. h3 Rbb5 43. Nd4 Rb6 44. Nc6 Nf7 45. Qxd6 Nxd6 46. Ne5 Rbb5 47. Bd3 Rb7 48. Nc4 Nde4 49. Bxe4 Nxe4 50. Rb2 Nc3 1/2-1/2

[Event "CAN-ch U16"]
[Site "Saskatoon CAN"]
[Date "1998.03.26"]
[Round "7"]
[White "Remoroza, Alvin"]
[Black "Reddy, Tyler"]
[Result "0-1"]
[WhiteElo "1960"]
[BlackElo "1935"]
[PlyCount "68"]
[GameId "2160767911873724"]
[EventDate "1998.03.23"]
[EventType "tourn"]
[EventRounds "9"]
[EventCountry "CAN"]

1. e4 e6 2. d4 d5 3. Nd2 Nf6 4. e5 Nfd7 5. Bd3 c5 6. c3 Nc6 7. Ne2 Qb6 8. Nf3 cxd4 9. cxd4 f6 10. exf6 Nxf6 11. a3 Bd6 12. O-O O-O 13. Rb1 Kh8 14. b4 e5 15. dxe5 Nxe5 16. Nxe5 Bxe5 17. Bb2 Bxh2+ 18. Kxh2 Ng4+ 19. Kg1 Qh6 20. Be5 Nxe5 21. Qc1 Nxd3 22. Qxh6 gxh6 23. Rbd1 Bf5 24. Nd4 Bg6 25. Ne6 Rf6 26. Nc7 Rd8 27. Nb5 a6 28. Nd4 Rdf8 29. Rd2 Re8 30. Nf3 Be4 31. Nd4 h5 32. Rfd1 Nf4 33. f3 Bg6 34. Nb3 Re2 0-1

[Event "CAN-ch U16"]
[Site "Saskatoon CAN"]
[Date "1998.03.26"]
[Round "8"]
[White "Berscheid, Brian"]
[Black "Henson, Joshua"]
[Result "0-1"]
[WhiteElo "1650"]
[BlackElo "2035"]
[PlyCount "112"]
[GameId "2160767911873725"]
[EventDate "1998.03.23"]
[EventType "tourn"]
[EventRounds "9"]
[EventCountry "CAN"]

1. e4 d5 2. exd5 Nf6 3. d4 Bg4 4. Be2 Bxe2 5. Nxe2 Qxd5 6. O-O Nc6 7. Nbc3 Qf5 8. a3 O-O-O 9. Be3 e5 10. d5 Ne7 11. Ng3 Qg6 12. Qe2 h5 13. Rfd1 h4 14. Nf1 h3 15. g3 Nexd5 16. Nxd5 Rxd5 17. Rxd5 Qe4 18. f3 Qxd5 19. Rd1 Qc6 20. Bxa7 Bc5+ 21. Bxc5 Qxc5+ 22. Kh1 Re8 23. Qd2 Kb8 24. b4 Qc6 25. Qe2 e4 26. f4 e3+ 27. Kg1 Qg2+ 28. Qxg2 hxg2 29. Kxg2 e2 30. Re1 exf1=Q+ 31. Rxf1 Re3 32. Rd1 Kc8 33. a4 Re2+ 34. Kf3 Rxc2 35. Re1 Kd8 36. Re5 Rxh2 37. Rg5 g6 38. Rb5 Kc8 39. Re5 Kd7 40. Rb5 b6 41. a5 bxa5 42. Rxa5 Rb2 43. Rb5 Rb3+ 44. Kg2 Ne4 45. Rb8 Rxg3+ 46. Kh2 Rf3 47. b5 Rxf4 48. b6 cxb6 49. Rxb6 Nd6 50. Rb8 Ke6 51. Rg8 Kf5 52. Rg7 Kg4 53. Rh7 Kf3 54. Rh3+ Kf2 55. Rd3 Ne4 56. Rh3 Rg4 0-1

[Event "CAN-ch U16"]
[Site "Saskatoon CAN"]
[Date "1998.03.26"]
[Round "8"]
[White "Gottlieb, Jonathan"]
[Black "Remoroza, Alvin"]
[Result "1-0"]
[WhiteElo "2050"]
[BlackElo "1960"]
[PlyCount "119"]
[GameId "2160767911873727"]
[EventDate "1998.03.23"]
[EventType "tourn"]
[EventRounds "9"]
[EventCountry "CAN"]

1. e4 c5 2. Nf3 Nc6 3. d4 cxd4 4. Nxd4 g6 5. Nc3 Bg7 6. Be3 Nf6 7. Bc4 O-O 8. Qd2 d6 9. f3 Bd7 10. O-O-O a6 11. Kb1 Ne5 12. Bb3 Rc8 13. Bh6 Qc7 14. Bxg7 Kxg7 15. g4 h5 16. gxh5 Nxh5 17. Rhg1 Rh8 18. f4 Nc4 19. Qf2 Nxb2 20. Kxb2 Qxc3+ 21. Kb1 Rcf8 22. f5 Qb4 23. Rg5 Rh6 24. Kb2 Nf6 25. Qg2 Rfh8 26. fxg6 fxg6 27. a3 Qb6 28. Nf5+ Bxf5 29. exf5 Kf8 30. fxg6 Kg7 31. Qe2 e5 32. Qd3 Rd8 33. Qf5 Re8 34. Rg2 Rh5 35. Qd3 Rd8 36. Rf1 Qd4+ 37. Qxd4 exd4 38. Rf4 Rdh8 39. Rgf2 Ne8 40. Rf7+ Kxg6 41. Rxb7 Rxh2 42. Rxh2 Rxh2 43. Bf7+ Kf6 44. Bxe8 d3 45. Kc3 d2 46. Rb1 Re2 47. Bh5 Re3+ 48. Kb2 Rh3 49. Be2 Re3 50. Bd1 Ke5 51. c3 d5 52. Kc2 d4 53. cxd4+ Kxd4 54. Rb3 Re6 55. Kxd2 Kc5 56. Be2 Rd6+ 57. Kc3 Rf6 58. Bd3 Rh6 59. Rb4 Rd6 60. Ra4 1-0

[Event "CAN-ch U16"]
[Site "Saskatoon CAN"]
[Date "1998.03.26"]
[Round "8"]
[White "Hua, Lefong"]
[Black "Golts, Roman"]
[Result "1/2-1/2"]
[WhiteElo "2325"]
[BlackElo "2200"]
[PlyCount "65"]
[GameId "2160767911873728"]
[EventDate "1998.03.23"]
[EventType "tourn"]
[EventRounds "9"]
[EventCountry "CAN"]

1. c4 Nf6 2. Nc3 e6 3. e4 c5 4. e5 Ng8 5. d4 cxd4 6. Qxd4 Nc6 7. Qe3 d6 8. exd6 Bxd6 9. Bd3 Nf6 10. Nf3 O-O 11. O-O Qe7 12. Re1 Rd8 13. Ne4 Ng4 14. Qe2 h6 15. a3 f5 16. Ng3 Bc5 17. Rf1 Qd6 18. Bc2 Nd4 19. Nxd4 Bxd4 20. Rb1 b6 21. Be4 Rb8 22. Bf3 Ne5 23. Bf4 Nxf3+ 24. Qxf3 e5 25. Be3 f4 26. Bxd4 fxg3 27. Bc3 gxh2+ 28. Kxh2 e4+ 29. Qg3 Qxg3+ 30. Kxg3 Rd3+ 31. Kh2 Ba6 32. Rfe1 Re8 33. Rbc1 1/2-1/2

[Event "CAN-ch U16"]
[Site "Saskatoon CAN"]
[Date "1998.03.26"]
[Round "8"]
[White "Nathani, Kaleim"]
[Black "Reddy, Tyler"]
[Result "0-1"]
[WhiteElo "1788"]
[BlackElo "1938"]
[PlyCount "111"]
[GameId "2160767911873729"]
[EventDate "1998.03.23"]
[EventType "tourn"]
[EventRounds "9"]
[EventCountry "CAN"]

1. d4 d5 2. c4 e6 3. Nc3 Nf6 4. Bg5 Nbd7 5. Nf3 c6 6. e3 Qa5 7. Qc2 Bb4 8. Rc1 Ne4 9. Bf4 Qxa2 10. Bd3 Bxc3+ 11. bxc3 Qxc2 12. Rxc2 Nef6 13. c5 O-O 14. Bd6 Re8 15. Ne5 Nxe5 16. dxe5 Nd7 17. O-O b6 18. cxb6 axb6 19. Rcc1 Ba6 20. Bxa6 Rxa6 21. c4 c5 22. cxd5 exd5 23. Ra1 Rea8 24. Rad1 R6a7 25. Rxd5 Nf8 26. Rdd1 c4 27. Rb1 Nd7 28. Rfc1 Rc8 29. Kf1 Rb7 30. Rb5 Ra7 31. Rb4 h6 32. Rbxc4 Rxc4 33. Rxc4 Kh7 34. Rc7 Rxc7 35. Bxc7 Kg6 36. Ke2 Kf5 37. Kd2 Ke4 38. f3+ Kd5 39. Kc3 Kc5 40. f4 Kb5 41. Bd6 g6 42. g4 h5 43. gxh5 gxh5 44. h4 Kc6 45. Kc4 b5+ 46. Kb4 Nb6 47. Kc3 Nc4 48. Kd4 Nxd6 49. exd6 Kxd6 50. f5 f6 51. e4 b4 52. e5+ fxe5+ 53. Kc4 Ke7 54. Kxb4 Kf6 55. Kc3 Kxf5 56. Kd3 0-1

[Event "CAN-ch U16"]
[Site "Saskatoon CAN"]
[Date "1998.03.27"]
[Round "9"]
[White "Golts, Roman"]
[Black "Berscheid, Brian"]
[Result "1-0"]
[WhiteElo "2200"]
[BlackElo "1650"]
[PlyCount "87"]
[GameId "2160767911873731"]
[EventDate "1998.03.23"]
[EventType "tourn"]
[EventRounds "9"]
[EventCountry "CAN"]

1. e4 e5 2. Nf3 Nc6 3. Bb5 a6 4. Ba4 Nf6 5. O-O Be7 6. Re1 b5 7. Bb3 d6 8. c3 O-O 9. h3 Na5 10. Bc2 c5 11. d4 Qc7 12. Nbd2 cxd4 13. cxd4 Nc6 14. d5 Nb4 15. Bb1 a5 16. Nf1 Bd7 17. a3 Na6 18. Ng3 Rfc8 19. Be3 b4 20. Nh4 bxa3 21. Rxa3 Nb4 22. Nhf5 Bf8 23. Bg5 Ne8 24. Bd2 Nc2 25. Rc3 Qb7 26. Qxc2 Rcb8 27. Bc1 a4 28. Ba2 Rc8 29. Bc4 Nc7 30. Be3 Nb5 31. Bxb5 Bxb5 32. Rc1 Bd7 33. Rc7 Rxc7 34. Qxc7 Qxc7 35. Rxc7 Be8 36. Bd2 Rb8 37. Bc3 g6 38. Ne7+ Bxe7 39. Rxe7 Kf8 40. Ra7 Bb5 41. Bb4 Rd8 42. Rb7 Be8 43. Ne2 h6 44. Nc3 1-0

[Event "CAN-ch U16"]
[Site "Saskatoon CAN"]
[Date "1998.03.27"]
[Round "9"]
[White "Reddy, Tyler"]
[Black "Gottlieb, Jonathan"]
[Result "0-1"]
[WhiteElo "1935"]
[BlackElo "2050"]
[PlyCount "72"]
[GameId "2160767911873733"]
[EventDate "1998.03.23"]
[EventType "tourn"]
[EventRounds "9"]
[EventCountry "CAN"]

1. c4 e5 2. g3 Nf6 3. Bg2 d5 4. cxd5 Nxd5 5. Nc3 Nb6 6. Nf3 Nc6 7. O-O Be7 8. d3 O-O 9. Be3 Kh8 10. Qd2 h6 11. Ne4 Nd5 12. Bc5 f5 13. Bxe7 Qxe7 14. Nc3 Nxc3 15. Qxc3 Kh7 16. Rfe1 Bd7 17. Nd2 Be8 18. Rac1 Bd7 19. Nb3 Rab8 20. Nc5 Be8 21. Nxb7 Rxb7 22. Bxc6 Bxc6 23. Qxc6 Rxb2 24. a4 Rf7 25. Qa6 Qa3 26. Qxa7 Rxe2 27. Red1 f4 28. Rxc7 Rxc7 29. Qxc7 Qxa4 30. Rb1 Qd4 31. Rf1 Qxd3 32. Qf7 f3 33. h3 Qe4 34. Kh2 Rc2 35. Kh1 Rxf2 36. Rd1 Qc2 0-1

[Event "CAN-ch U16"]
[Site "Saskatoon CAN"]
[Date "1998.03.27"]
[Round "9"]
[White "Remoroza, Alvin"]
[Black "Hua, Lefong"]
[Result "0-1"]
[WhiteElo "1960"]
[BlackElo "2240"]
[PlyCount "54"]
[GameId "2160767911873734"]
[EventDate "1998.03.23"]
[EventType "tourn"]
[EventRounds "9"]
[EventCountry "CAN"]

1. e4 c5 2. Nf3 d6 3. d4 cxd4 4. Nxd4 Nf6 5. Nc3 g6 6. Be3 Bg7 7. f3 Nc6 8. Bc4 Qb6 9. Bb5 O-O 10. Bxc6 bxc6 11. Rb1 Ba6 12. Nf5 Qc7 13. Nxg7 Kxg7 14. Qd2 Rfd8 15. Bh6+ Kg8 16. Qf2 d5 17. h3 d4 18. Ne2 Qa5+ 19. Bd2 Qxa2 20. O-O Qc4 21. Rfe1 c5 22. c3 e5 23. Bg5 Rd6 24. Qh4 Qe6 25. Nc1 Rb6 26. Rd1 dxc3 27. Qf2 Rab8 0-1

[Event "CAN-op"]
[Site "Ottawa CAN"]
[Date "1998.07.11"]
[Round "1"]
[White "Cabanas, Francisco"]
[Black "Veltmann, Alfred"]
[Result "1-0"]
[WhiteElo "2171"]
[BlackElo "1949"]
[PlyCount "55"]
[GameId "2160767911872741"]
[EventDate "1998.07.11"]
[EventType "swiss"]
[EventRounds "10"]
[EventCountry "CAN"]

1. e4 e5 2. Nf3 Nc6 3. Bb5 a6 4. Bxc6 dxc6 5. O-O Bg4 6. h3 Bxf3 7. Qxf3 Qf6 8. Qxf6 Nxf6 9. d3 Bd6 10. Be3 O-O 11. Nd2 Nd7 12. d4 exd4 13. Bxd4 c5 14. Be3 b5 15. c4 Be5 16. Rab1 Bd4 17. Bf4 Be5 18. Bxe5 Nxe5 19. b3 Rfd8 20. Rfd1 Rd3 21. Kf1 Rad8 22. Ke2 g5 23. cxb5 axb5 24. Nf3 Rxd1 25. Rxd1 Rxd1 26. Kxd1 Nxf3 27. gxf3 f6 28. a4 1-0

[Event "CAN-op"]
[Site "Ottawa CAN"]
[Date "1998.07.11"]
[Round "1"]
[White "Pacey, Kevin"]
[Black "Barankin, Garry"]
[Result "1-0"]
[WhiteElo "2305"]
[BlackElo "2011"]
[PlyCount "63"]
[GameId "2160767911872742"]
[EventDate "1998.07.11"]
[EventType "swiss"]
[EventRounds "10"]
[EventCountry "CAN"]

1. d4 Nf6 2. Nc3 d5 3. Bg5 Bf5 4. f3 c6 5. e4 dxe4 6. Bc4 exf3 7. Nxf3 h6 8. Bh4 e6 9. Ne5 Be7 10. O-O O-O 11. Kh1 Nd5 12. Bxe7 Qxe7 13. Bxd5 cxd5 14. Nxd5 Qd6 15. Ne3 Bh7 16. c4 Nc6 17. Nxc6 Qxc6 18. d5 Qc5 19. Qd2 Rad8 20. b4 Qe7 21. Rad1 exd5 22. Nxd5 Qe4 23. Rf4 Qe5 24. Re1 Qg5 25. Qe3 b5 26. h4 Qh5 27. Qd4 Kh8 28. Rg4 f6 29. Re7 Rf7 30. Rxg7 Kxg7 31. Qxf6+ Kg8 32. Rxf7 1-0

[Event "CAN-op"]
[Site "Ottawa CAN"]
[Date "1998.07.11"]
[Round "1"]
[White "Spraggett, Kevin"]
[Black "Gagnon, Fabien"]
[Result "1-0"]
[WhiteElo "2651"]
[BlackElo "1987"]
[PlyCount "27"]
[GameId "2160767911872744"]
[EventDate "1998.07.11"]
[EventType "swiss"]
[EventRounds "10"]
[EventCountry "CAN"]
[SourceTitle "EXT 2022"]
[Source "ChessBase"]
[SourceDate "2021.10.06"]
[SourceVersion "1"]
[SourceVersionDate "2021.10.06"]
[SourceQuality "1"]

1. e4 d5 2. exd5 Nf6 3. Nf3 Nxd5 4. d4 g6 5. Be2 Bg7 6. O-O O-O 7. Re1 Nc6 8. c3 h6 9. h3 Re8 10. Bb5 Bd7 11. Na3 e6 12. Nc4 Nxd4 13. Nxd4 Bxd4 14. Bxd7 1-0

[Event "CAN-op"]
[Site "Ottawa CAN"]
[Date "1998.07.11"]
[Round "1.79"]
[White "Strojevs, Alexander"]
[Black "Inksetter, Mahlon"]
[Result "0-1"]
[WhiteElo "1811"]
[BlackElo "1480"]
[PlyCount "80"]
[GameId "2160767911872745"]
[EventDate "1998.07.11"]
[EventType "swiss"]
[EventRounds "10"]
[EventCountry "CAN"]
[SourceTitle "EXT 2022"]
[Source "ChessBase"]
[SourceDate "2021.10.06"]
[SourceVersion "1"]
[SourceVersionDate "2021.10.06"]
[SourceQuality "1"]

1. d4 Nf6 2. c4 c5 3. d5 b5 4. cxb5 a6 5. bxa6 Bxa6 6. Nc3 g6 7. e4 Bxf1 8. Kxf1 Bg7 9. d6 Nc6 10. Nf3 O-O 11. g3 e6 12. Kg2 Qb6 13. Re1 Ng4 14. h3 Nge5 15. Nxe5 Nxe5 16. Re2 Nc4 17. Qd3 Nxd6 18. Rd2 Bd4 19. Ne2 Be5 20. f4 c4 21. Qc2 Bg7 22. e5 Qc6+ 23. Kh2 Ne4 24. Rd4 d5 25. Nc3 f5 26. Nxe4 fxe4 27. Bd2 g5 28. a3 gxf4 29. gxf4 Qc5 30. Qc3 Bh6 31. Rf1 Rf5 32. Be3 Qf8 33. Qc1 Bg7 34. Rg1 Rh5 35. Rd2 Kh8 36. Rdg2 Qf5 37. Rg4 Rd8 38. Qf1 d4 39. Bxd4 Rxd4 40. Rxg7 Rd2+ 0-1

[Event "CAN-op"]
[Site "Ottawa CAN"]
[Date "1998.07.12"]
[Round "2"]
[White "Bertrand, Daryl"]
[Black "Pacey, Kevin"]
[Result "0-1"]
[WhiteElo "1919"]
[BlackElo "2305"]
[PlyCount "100"]
[GameId "2160767911872746"]
[EventDate "1998.07.11"]
[EventType "swiss"]
[EventRounds "10"]
[EventCountry "CAN"]
[SourceTitle "EXT 2022"]
[Source "ChessBase"]
[SourceDate "2021.10.06"]
[SourceVersion "1"]
[SourceVersionDate "2021.10.06"]
[SourceQuality "1"]

1. e4 Nc6 2. d4 e5 3. Nf3 exd4 4. Nxd4 Qf6 5. c3 Bc5 6. Be3 Nge7 7. g3 d5 8. Bg2 dxe4 9. Bxe4 Nxd4 10. Bxd4 Bxd4 11. Qxd4 Qxd4 12. cxd4 c6 13. f4 Bf5 14. Nc3 O-O-O 15. O-O-O Bxe4 16. Nxe4 h6 17. Rd3 Nd5 18. a3 Rhe8 19. Nc3 Nf6 20. h3 Ne4 21. Nxe4 Rxe4 22. Rhd1 Rd5 23. Kc2 h5 24. Kc3 h4 25. Rf1 Rf5 26. Rdf3 hxg3 27. Rxg3 g6 28. Rgf3 Kd7 29. Kd3 Re6 30. Rg1 Ke7 31. Rg5 Kf6 32. h4 Re1 33. Re3 Rd1+ 34. Kc3 Rxf4 35. Ra5 a6 36. h5 gxh5 37. Rxh5 Rdxd4 38. Re8 Rd7 39. Rhh8 Kf5 40. Rhg8 Rg4 41. Rd8 Rgd4 42. Rde8 Kf4 43. Rg1 Rd3+ 44. Kc4 f5 45. Rf8 Rf3 46. Rg6 Rd5 47. a4 Rf2 48. b3 Rc2+ 49. Kb4 a5+ 50. Ka3 Rdd2 0-1

[Event "CAN-op"]
[Site "Ottawa CAN"]
[Date "1998.07.12"]
[Round "2"]
[White "Gagnon, Fabien"]
[Black "Fournier, Ron"]
[Result "1-0"]
[WhiteElo "1987"]
[BlackElo "1873"]
[PlyCount "111"]
[GameId "2160767911872747"]
[EventDate "1998.07.11"]
[EventType "swiss"]
[EventRounds "10"]
[EventCountry "CAN"]
[SourceTitle "EXT 2022"]
[Source "ChessBase"]
[SourceDate "2021.10.06"]
[SourceVersion "1"]
[SourceVersionDate "2021.10.06"]
[SourceQuality "1"]

1. e4 e5 2. Nf3 Nf6 3. d3 Nc6 4. g3 Be7 5. Bg2 O-O 6. O-O d5 7. Nbd2 dxe4 8. dxe4 Bg4 9. h3 Bh5 10. g4 Bg6 11. Re1 Nxe4 12. Nxe5 Nxe5 13. Nxe4 Qxd1 14. Rxd1 Rad8 15. Bf4 f6 16. b3 Rxd1+ 17. Rxd1 Rd8 18. Rxd8+ Bxd8 19. Nc5 Bxc2 20. Bxb7 Nd3 21. Be3 Nxc5 22. Bxc5 Kf7 23. Bxa7 Be7 24. Bd5+ Ke8 25. f3 Kd7 26. Kf2 c6 27. Be4 Bxe4 28. fxe4 c5 29. Bb8 Kc6 30. Ke2 Kb5 31. Kd3 Kb4 32. Bf4 Ka3 33. Kc4 Kxa2 34. Be3 Kb2 35. g5 Kc2 36. gxf6 gxf6 37. Bh6 Kb2 38. h4 Kc2 39. h5 Kb2 40. Be3 Kc2 41. h6 Bf8 42. Bxc5 Bxh6 43. Bd6 Bd2 44. b4 h5 45. b5 Ba5 46. Bg3 Kd2 47. Bh4 Ke3 48. Kd5 Bc3 49. b6 Kf4 50. b7 Be5 51. Bxf6 Bb8 52. Be7 Kg4 53. Bd6 Ba7 54. e5 Kf5 55. e6 Kf6 56. b8=Q 1-0

[Event "CAN-op"]
[Site "Ottawa CAN"]
[Date "1998.07.12"]
[Round "2"]
[White "Veltmann, Alfred"]
[Black "Massoulie, Francois"]
[Result "1-0"]
[WhiteElo "1949"]
[BlackElo "1357"]
[PlyCount "57"]
[GameId "2160767911872749"]
[EventDate "1998.07.11"]
[EventType "swiss"]
[EventRounds "10"]
[EventCountry "CAN"]

1. e4 e6 2. d4 d5 3. Nd2 Nf6 4. e5 Nfd7 5. Ngf3 c5 6. c3 Be7 7. Bd3 cxd4 8. cxd4 Nc6 9. O-O f6 10. Nb3 fxe5 11. Nxe5 Ndxe5 12. dxe5 O-O 13. Qh5 Rf5 14. Bxf5 exf5 15. f4 g6 16. Qd1 b6 17. Kh1 Bb7 18. Be3 Qd7 19. Nd4 Rd8 20. a3 Na5 21. b3 Ba8 22. Qd3 Nb7 23. b4 a5 24. Rab1 axb4 25. axb4 Rb8 26. Rfc1 Nd8 27. Qc3 Nc6 28. Nxc6 Bxc6 29. Qxc6 1-0

[Event "CAN-op"]
[Site "Ottawa CAN"]
[Date "1998.07.12"]
[Round "3"]
[White "Benggawan, Amanda"]
[Black "Gagnon, Fabien"]
[Result "0-1"]
[WhiteElo "1797"]
[BlackElo "1987"]
[PlyCount "108"]
[GameId "2160767911872750"]
[EventDate "1998.07.11"]
[EventType "swiss"]
[EventRounds "10"]
[EventCountry "CAN"]
[SourceTitle "EXT 2022"]
[Source "ChessBase"]
[SourceDate "2021.10.06"]
[SourceVersion "1"]
[SourceVersionDate "2021.10.06"]
[SourceQuality "1"]

1. e4 d5 2. exd5 Nf6 3. d4 Bg4 4. Be2 Bxe2 5. Nxe2 Qxd5 6. O-O Nc6 7. b3 e6 8. c4 Qh5 9. Bb2 O-O-O 10. a3 Rd7 11. Qc2 Be7 12. Rd1 Rhd8 13. Rd2 Qh4 14. g3 Qg4 15. Kg2 Qe4+ 16. Qxe4 Nxe4 17. Rd3 Bf6 18. f3 Nc5 19. Re3 Nxd4 20. Nxd4 Bxd4 21. Bxd4 Rxd4 22. b4 Na4 23. Nc3 Nxc3 24. Rxc3 Rd2+ 25. Kh3 Re2 26. c5 Rdd2 27. Rh1 Kd8 28. c6 b6 29. Kg4 Ke7 30. h4 f5+ 31. Kh3 Rc2 32. Rxc2 Rxc2 33. b5 Rd2 34. a4 Kd6 35. a5 Kc5 36. axb6 axb6 37. Re1 Kd6 38. Rb1 e5 39. g4 g6 40. gxf5 gxf5 41. h5 e4 42. fxe4 fxe4 43. Kg4 Ke5 44. Rf1 Rg2+ 45. Kh3 Rg7 46. Rd1 e3 47. Rd7 Kf6 48. Rxg7 Kxg7 49. Kg3 Kh6 50. Kf3 Kxh5 51. Kxe3 Kg5 52. Ke4 Kf6 53. Kf4 Ke6 54. Kg5 Kd6 0-1

[Event "CAN-op"]
[Site "Ottawa CAN"]
[Date "1998.07.12"]
[Round "3"]
[White "Deveau, Justin"]
[Black "Veltmann, Alfred"]
[Result "0-1"]
[WhiteElo "1152"]
[BlackElo "1949"]
[PlyCount "80"]
[GameId "2160767911872752"]
[EventDate "1998.07.11"]
[EventType "swiss"]
[EventRounds "10"]
[EventCountry "CAN"]

1. e4 e5 2. Nf3 Nc6 3. Nc3 Bc5 4. Bb5 Nf6 5. O-O d6 6. d3 h6 7. Bxc6+ bxc6 8. Bd2 Bg4 9. Qe2 Nd7 10. h3 Bh5 11. Be3 g5 12. Bxc5 Nxc5 13. h4 Bg6 14. Rad1 Ne6 15. Qe3 Qb8 16. b3 Qb6 17. Qxb6 cxb6 18. d4 exd4 19. Nxd4 Nxd4 20. Rxd4 Ke7 21. Re1 Rhd8 22. e5 d5 23. Re2 Ke6 24. b4 f6 25. exf6+ Kxf6 26. Nb1 Re8 27. Rdd2 Rxe2 28. Rxe2 Re8 29. Rxe8 Bxe8 30. Kh2 Ke5 31. Kg3 Bg6 32. Nd2 Bxc2 33. a4 c5 34. bxc5 bxc5 35. f4+ gxf4+ 36. Kf3 Bd1+ 37. Kf2 Bxa4 38. h5 c4 39. Nb1 Ke4 40. Na3 Kd3 0-1